Anglický jazyk na prijímacie pohovory : na vysoké školy ekonomického smeru : [učebné texty : slovná zásoba : gramatika : skúšobné testy

Bibliographic Details
Main Authors: Taňašiová, Nina (Author), Plavec, Mojmír (Author)
Other Authors: Rafayová, Andrea (Compiler)
Format: Book
Language:Slovak
English
PhysicalDescription:121 s. tab. 21 cm
Published: Bratislava Eurolitera 2012
ISBN:9788097019358
Edition:[1. vyd.]
Subjects:

MARC

LEADER 00000cam a2200000 a 4500
001 vtls010469355
003 SK-MaSNL
005 20260425235813.0
008 150827s2012 xo l e 000 0 slo
015 |a SNBA2013 
020 |a 9788097019358  |q (brož.) 
035 |a E60ADDF9-7455-468A-BD9F-03D575714EFD 
035 |a urn:nbn:sk:snk-amjm24 
035 |a urn:nbn:sk:snk-am001nnv 
040 |a SNK  |b slo  |c SNK  |e AACR2 
041 0 |a slo  |a eng 
044 |a xo  |c SK 
072 7 |a 811.111  |x Angličtina  |2 konspekt 
080 |a 811.111  |2 2001 
080 |a 373.5.016  |2 2001 
080 |a 378  |2 2001 
080 |a (079.1)  |2 2001 
080 |a (07)  |2 2001 
080 |a 371.279.5/.6  |2 2001 
100 1 |a Rafayová, Andrea  |4 com  |9 465382 
245 1 0 |a Anglický jazyk  |b na prijímacie pohovory : na vysoké školy ekonomického smeru : [učebné texty : slovná zásoba : gramatika : skúšobné testy  |c spracovali: Andrea Rafayová, Nina Taňašiová, Mojmír Plavec] 
250 |a [1. vyd.] 
260 |a Bratislava  |b Eurolitera  |c 2012 
300 |a 121 s.  |b tab.  |c 21 cm 
650 0 7 |a angličtina  |2 SNKPH  |9 1260 
650 0 7 |a učivo stredných škôl  |2 SNKPH  |9 65982 
650 0 7 |a vysoké školy  |2 SNKPH  |9 1277 
650 0 7 |a English language  |2 SNKPHeng  |9 279139 
650 0 7 |a Secondary school curriculum  |2 SNKPHeng  |9 302204 
650 0 7 |a Universities and colleges  |2 SNKPHeng  |9 265426 
650 0 7 |a prijímacie skúšky  |2 SNKPH  |9 1229 
650 0 7 |a Entrance examinations  |2 SNKPHeng  |9 311635 
655 7 |a testy  |2 SNKPH  |9 70500 
655 7 |a Tests  |2 SNKPHeng  |9 303179 
655 7 |a učebné texty  |2 SNKPH  |9 70568 
655 7 |a Educational texts  |2 SNKPHeng  |9 277375 
700 1 |a Taňašiová, Nina  |4 aut  |9 545910 
700 1 |a Plavec, Mojmír  |4 aut  |9 465348 
852 |a Štátna vedecká knižnica v Banskej Bystrici 
919 |a 978-80-970193-5-8 
999 |c 838622  |d 840552 
952 |a SNK  |b SNK  |y PREZ  |7 0  |p 17A1057572  |o snkSC 152047  |i snk2012/24052  |8 0  |0 0  |1 0  |4 0  |d 2012-11-22  |l 0  |r 2025-07-22 00:00:00  |w 2026-02-24 
952 |a SNK  |b SNK  |y VYP  |7 0  |p 17A1057571  |o snkSC 152047 D1  |i snk2012/24053  |8 0  |0 0  |1 0  |4 0  |d 2012-11-22  |f 1  |l 0  |r 2026-02-24 04:01:53  |w 2026-02-24